| 000 | 00713nam a2200205 u 4500 | ||
|---|---|---|---|
| 005 | 20260408063909.0 | ||
| 008 | 081203s2006 r 000 0 eng d | ||
| 020 | _a8479787600 | ||
| 035 | _aUPN01000168321 | ||
| 049 | _aCG | ||
| 050 | 4 |
_aLC71 _bR6.3 |
|
| 100 | 1 | _aRoig Ibáñez, José | |
| 245 | 1 | 3 |
_aLa educación ante un nuevo orden mundial : _bdiagnósticos y reflexiones en torno a los nuevos problemas que le plantea el nuevo ordenamiento mundial / _cJosé Roig Ibáñez. |
| 260 |
_aMadrid : _bDíaz de Santos, _cc2006. |
||
| 300 | _axi, 478 p. | ||
| 650 | 4 |
_aEducación y Estado _919 |
|
| 650 | 4 |
_aEducación _xAspectos sociales _95311 |
|
| 650 | 4 |
_aEducación y globalización _910054 |
|
| 905 | _aLibro | ||
| 999 |
_c140428 _d140428 |
||